• 首页
  • 本馆介绍
  • 公告通知
  • 最新文献
  • 馆藏检索
  • 电子资源
  • 读者导购
  • 参考咨询
  • 我的图书馆
  • 登录
  • 详细信息显示
  • 放入我的书架
  • 预约/预借图书
  • 作者相关作品
  • 分类相关作品
  • 丛书相关作品
  • 出版社相关作品

书目信息

  • 表格格式
  • 工作单格式
  • 卡片格式
题名:
马列著作选读
    
 
作者: ;人民出版社编辑部 编
分册:   辩证唯物主义和历史唯物主义
出版信息: 北京   人民出版社  1977
页数: 345页
开本: 19cm
丛书名:
单 册:
中图分类: A219
科图分类:
主题词: 列宁著作--选读
电子资源:
ISBN:
000 00780nam0 2200253 45
001 0177002245
005 20070924094727.89
010    @dCNY0.53
091    @a1001.1145
100    @a19951214d1977 em y0chiy0121 ea
101 0  @achi
102    @aCN@b110000
105    @ay z 000yy
200 10 @a马列著作选读@AMa Lie Zhu Zuo Xuan Du@i辩证唯物主义和历史唯物主义@f人民出版社编辑部编@FRen Min Chu Ban She Bian Ji Bu Bian
205    @a试编本
210    @a北京@c人民出版社@d1977
215    @a345页@d19cm
517    @a辩证唯物主义和历史唯物主义@Abian zheng wei wu zhu yi he li shi wei wu zhu yi
606 0  @a列宁著作@x选读
690    @aA219@v3
711 02 @a人民出版社编辑部@4编
801  0 @aCN@b广东省中山图书馆@c20070924
801  2 @aCN@bNLC@c20060816
905    @dA219@e39:3
    
    马列著作选读.辩证唯物主义和历史唯物主义/人民出版社编辑部编.-试编本.-北京:人民出版社,1977
    345页;19cm
    
    
    ISBN :CNY0.53
    
●
相关链接 在E读中查询图书 在五车中查询图书 在当当中查询图书 在豆瓣中查询图书


正题名:马列著作选读     索取号:A219/39:3         预约/预借

序号 登录号 条形码 馆藏地/架位号 状态 备注
1 0000968   202371478   密集书库/ [索取号:A219/39:3] 在馆    
2 0425684   204256848   密集书库/ [索取号:A219/39:3] 在馆    
3 0425685   204256857   密集书库/ [索取号:A219/39:3] 在馆    
4 0460267   204602670   密集书库/ [索取号:A219/39:3] 在馆    
5 0624654   206246542   密集书库/ [索取号:A219/39:3] 在馆    
唐山师范学院图书馆 欢迎您!
大连网信软件有限公司© 版权所有